000 00785nam a2200217 i 4500
001 81870
003 ES-MaACL
005 20251202185828.0
007 t|
008 041108s1975 sp |||| | spa d
100 1 _aIglesias, Pablo,
_d1850-1925
_9242571
245 1 0 _aEscritos.
_n2,
_pEl socialismo en España
_b: escritos en la prensa socialista y liberal (1870-1925) /
_cPablo Iglesias ; selección y estudio preliminar de Luis Arranz, Mercedes Cabrera, Antonio Elorza.
260 _aMadrid :
_bAyuso,
_c[1975]
300 _a464 p. ;
_c21 cm.
650 _aSocialismo-
_zEspaña.
_917155
700 1 _aArranz, Luis.
_923215
700 1 _aCabrera, Mercedes.
_933295
700 1 _aElorza, Antonio,
_d1943-
_947089
852 _aES-MaACL
_jE-9766
999 _c81870
_d81870